COSMETIC TECHNOLOGY (Record no. 8297)

MARC details
000 -LEADER
fixed length control field 00444nam a22001697a 4500
005 - DATE AND TIME OF LATEST TRANSACTION
control field 20230415112249.0
008 - FIXED-LENGTH DATA ELEMENTS--GENERAL INFORMATION
fixed length control field 230414b |||||||| |||| 00| 0 eng d
020 ## - INTERNATIONAL STANDARD BOOK NUMBER
ISBN 818627055-8
041 ## - LANGUAGE CODE
Language code of text/sound track or separate title eng
082 ## - DEWEY DECIMAL CLASSIFICATION NUMBER
Classification number 615 NAN-C
100 ## - MAIN ENTRY--AUTHOR NAME
Personal name NANDA ,SANJU., NANDA ,ARUN , AND KHAR, ROOP K.
245 ## - TITLE STATEMENT
Title COSMETIC TECHNOLOGY
260 ## - PUBLICATION, DISTRIBUTION, ETC. (IMPRINT)
Name of publisher BIRLA PUBLICATION PVT. LTD.
300 ## - PHYSICAL DESCRIPTION
Number of Pages 479;P.
650 ## - SUBJECT ADDED ENTRY--TOPICAL TERM
Topical Term PHARMACY
General subdivision B. PHARMA
942 ## - ADDED ENTRY ELEMENTS (KOHA)
Koha item type Books
Holdings
Lost status Damaged status Collection code Home library Current library Shelving location Date acquired Source of acquisition Cost, normal purchase price Full call number Accession Number Koha item type
    Reference JRU Library JRU Library SHELF - 18 - I 13/04/2023 LOHIA BOOK INTERNATIONAL 790.00 615 NAN-C 27702 Books
    PHARMACY JRU Library JRU Library SHELF - 18 - I 13/04/2023 LOHIA BOOK INTERNATIONAL 790.00 615 NAN-C 27703 Books
    PHARMACY JRU Library JRU Library SHELF - 18 - I 13/04/2023 LOHIA BOOK INTERNATIONAL 790.00 615 NAN-C 27704 Books
    PHARMACY JRU Library JRU Library SHELF - 18 - I 13/04/2023 LOHIA BOOK INTERNATIONAL 790.00 615 NAN-C 27705 Books
    PHARMACY JRU Library JRU Library SHELF - 18 - I 13/04/2023 LOHIA BOOK INTERNATIONAL 790.00 615 NAN-C 27706 Books